00622nam a2200193Ia 4500008004100000020000700041082001400048100001300062245004700075250000700122260003400129300002400163500001900187600002100206650005000227942000700277952012900284999001500413240925s9999 xx 000 0 und d aNA a006.6 LEA aAlias - 0aLearning MayaTM 6: maya unlimited features aNA aCanada:bAlias Systemc,2004. a957p.bNAfOriginal aIncludes Index aComputer Science aComputer science, information & general works cBK 001040708CSaUITUbUITUd2007-09-13eKhaliq book Binderg391.00l0o006.6 LEApQ7168r2024-09-25 07:14:30w2024-09-25yBK c9667d9667